Excitebots: Trick Racing Bots - Statistics

General Stats
  • This quiz has been taken 4 times
  • The average score is 12 of 20
Answer Stats
Bot % Correct
Frog
100%
Beetle
75%
Grasshopper
75%
Hornet
75%
Hummingbird
75%
Ladybug
75%
Lizard
75%
Mantis
75%
Turtle
75%
Bat
50%
Boulder
50%
Centipede
50%
Crab
50%
Mouse
50%
Roach
50%
Scorpion
50%
Spider
50%
Ant
25%
Lobster
25%
Squid
25%
No matching quizzes found
Score Distribution
Percent of People with Each Score
Percentile by Number Answered
Your Score History
You have not taken this quiz